Ciencia e ingeniería de materiales 7a. / 978-607-526-062-4 (Registro nro. 28879)
[ vista simple ]
| 000 -LÍDER | |
|---|---|
| fixed length control field | 00443nam a2200145 4500 |
| 020 ## - NÚMERO INTERNACIONAL NORMALIZADO PARA LIBROS | |
| ISBN | 978-607-526-062-4 |
| 050 ## - SIGNATURA TOPOGRAFICA DE LA BIBLIOTECA DEL CONGRESO (LC) | |
| Número de Clasificación | TA403 A834 2017 |
| 082 ## - NUMERO DE CLASIFICACION DECIMAL DEWEY | |
| Número de Clasificación | 620.112 A818C 2017 |
| 100 ## - ASIENTO PRINCIPAL--NOMBRE PERSONAL | |
| Nombre personal | Askeland, Donald R. |
| 245 ## - TÍTULO | |
| Título | Ciencia e ingeniería de materiales 7a. / 978-607-526-062-4 |
| 250 ## - MENCIÓN DE EDICIÓN | |
| Mención de edición | 7a. |
| 260 ## - PUBLICACIÓN, DISTRIBUCIÓN, ETC. (PIE DE IMPRENTA) | |
| Lugar de publicación, distribución, etc. | México : Cengage Learning |
| 300 ## - DESCRIPCIÓN FÍSICA | |
| Extensión | 856p. / 27cm. |
| 650 ## - ASIENTO SECUNDARIO DE MATERIA - TERMINO TEMÁTICO | |
| Término temático o nombre geográfico como elemento de entrada | 1.RESISTENCIA DE MATERIALES 2.CIENCIAS DE MATERIALES 3.MATERIALES |
| No. biblioteca | No. biblioteca | Número de clasificación | Código de barras/Número de adquisición | Número de copia | Tipo de material | Otras carreras |
|---|---|---|---|---|---|---|
| ÁREA DE BIOQUÍMICA | ÁREA DE BIOQUÍMICA | 620.112 A818C 2017 | 53417 | 1 | Libros | |
| ÁREA DE BIOQUÍMICA | ÁREA DE BIOQUÍMICA | 620.112 A818C 2017 | 53418 | 2 | Libros | |
| ÁREA DE BIOQUÍMICA | ÁREA DE BIOQUÍMICA | 620.112 A818C 2017 | 53419 | 3 | Libros | |
| ÁREA DE BIOQUÍMICA | ÁREA DE BIOQUÍMICA | 620.112 A818C 2017 | 53420 | 4 | Libros | |
| ÁREA DE BIOQUÍMICA | ÁREA DE BIOQUÍMICA | 620.112 A818C 2017 | 53421 | 5 | Libros | |
| ÁREA DE BIOQUÍMICA | ÁREA DE BIOQUÍMICA | 620.112 A818C 2017 | 53422 | 6 | Libros | |
| ÁREA DE BIOQUÍMICA | ÁREA DE BIOQUÍMICA | 620.112 A818C 2017 | 53423 | 7 | Libros | |
| ÁREA DE BIOQUÍMICA | ÁREA DE BIOQUÍMICA | 620.112 A818C 2017 | 53424 | 8 | Libros | |
| ÁREA DE BIOQUÍMICA | ÁREA DE BIOQUÍMICA | 620.112 A818C 2017 | 53425 | 9 | Libros | |
| ÁREA DE BIOQUÍMICA | ÁREA DE BIOQUÍMICA | 620.112 A818C 2017 | 53426 | 10 | Libros | |
| ÁREA DE BIOQUÍMICA | ÁREA DE BIOQUÍMICA | 620.112 A818C 2017 | 54101 | 11 | Libros | ÁREA DE BIOQUÍMICA |
| ÁREA DE BIOQUÍMICA | ÁREA DE BIOQUÍMICA | 620.112 A818C 2017 | 54102 | 12 | Libros | LUIS G. INCLAN |
| ÁREA DE BIOQUÍMICA | ÁREA DE BIOQUÍMICA | 620.112 A818C 2017 | 54234 | 13 | Libros | LUIS G. INCLAN |
| ÁREA DE BIOQUÍMICA | ÁREA DE BIOQUÍMICA | 620.112 A818C 2017 | 54235 | 14 | Libros | LUIS G. INCLAN |
| ÁREA DE BIOQUÍMICA | ÁREA DE BIOQUÍMICA | 620.112 A818C 2017 | 54236 | 15 | Libros | LUIS G. INCLAN |
